书目信息 |
| 题名: |
白色诱惑
|
|
| 作者: | ;贝思出版有限公司 编 | |
| 分册: | ||
| 出版信息: | 南昌 江西科学技术出版社 2001.11 |
|
| 页数: | 224页 | |
| 开本: | 30cm | |
| 丛书名: | ||
| 单 册: | ||
| 中图分类: | TU241-64 | |
| 科图分类: | ||
| 主题词: | 民用建筑--建筑设计 | |
| 电子资源: | ||
| ISBN: | 7-5390-2019-9 | |
| 000 | 00598nam0 2200193 45 | |
| 001 | 0359354344 | |
| 005 | 2003032516291336 | |
| 010 | @a7-5390-2019-9@dRMB 190.00 | |
| 100 | @a20030325d2001 km y0chiy0120 ea | |
| 101 | 0 | @achi |
| 102 | @aCN@b360000 | |
| 200 | 1 | @a白色诱惑@Abai se you huo@f贝思出版有限公司编@FBei Si Chu Ban You Xian Gong Si Bian |
| 210 | @a南昌@c江西科学技术出版社@d2001.11 | |
| 215 | @a224页@d30cm | |
| 606 | 0 | @a民用建筑@x建筑设计 |
| 690 | @aTU241-64@v3 | |
| 711 | 0 | @a贝思出版有限公司@ABei Si Chu Ban You Xian Gong Si@4编 |
| 801 | 0 | @aCN@bPFT@c20030325 |
| 905 | @a@dTU241-64@eB6901 | |
| 白色诱惑/贝思出版有限公司编.-南昌:江西科学技术出版社,2001.11 |
| 224页;30cm |
| ISBN 7-5390-2019-9:RMB 190.00 |
| ● |
| 相关链接 |
|
|
|
正题名:白色诱惑
索取号:TU241-64/B6901
 
预约/预借
| 序号 | 登录号 | 条形码 | 馆藏地/架位号 | 状态 | 备注 |
| 1 | 371046 | 203710467 | 建筑库101/ [索取号:TU241-64/B6901] | 在馆 |